000 00852nam a2200277 a 4500
001 32616
003 BD-RjUL
005 20211209051850.0
008 140427s1977 ii b 001 0 eng d
035 _a(BD-RjUL)32705
040 _aMH
_cMH
_dDLC
_dBD-RjUL
_beng
041 _aeng
082 0 4 _a294.30954
_bJOS 1977
100 1 _aJoshi, Lal Mani.
_999251
245 1 0 _aStudies in the Buddhistic culture of India during the 7th and 8th centuries A.D. /
_cLal Mani Joshi.
250 _a2nd rev. ed.
260 _aDelhi :
_bMotilal Banarsidass,
_c1977.
300 _axxiii, 497 p. ;
_c23 cm.
504 _aBibliography: p. [435]-468. and Index
650 0 _aBuddhism
_zIndia.
_999252
650 0 _aBuddhism and culture.
_999253
651 0 _aIndia
_xCivilization.
_999254
942 _2ddc
_cBK
999 _c32616
_d32616